| 000 | 00748nam a2200229 i 4500 | ||
|---|---|---|---|
| 001 | 178973 | ||
| 003 | ES-MaACL | ||
| 005 | 20250717065516.0 | ||
| 008 | 110816s1904 fr |||| | fre d | ||
| 080 | _a329.285 | ||
| 080 | _a32 Stirner, Max | ||
| 100 | 0 |
_aAlmagro Basch, Martín. _920073 |
|
| 245 | 1 | 2 |
_aL'individualisme anarchiste _b: Max Stirner / _cpar Victor Basch. |
| 260 |
_aParis : _bFélix Alcan, _c1904. |
||
| 300 |
_aVI, 294 p. ; _c22 cm. |
||
| 490 | 1 |
_aBibliothèque générale des sciences sociales ; _v20 |
|
| 600 | 0 | 4 |
_aStirner, Max. _9108237 |
| 650 | 7 |
_aAnarquismo _2embne _99783 |
|
| 830 | 0 | 0 |
_aBibliothèque générale des sciences sociales _v20 _9187778 |
| 852 |
_aES-MaACL _jC-23100 |
||
| 999 |
_c178973 _d178973 |
||